Bandiere Solo Rosse e Bianche - Statistics

Statistiche generali
  • Questo quiz è stato fatto 4.025 volte
  • Il punteggio medio è 15 su 17
Statistiche sulle risposte
con Immagini Risposta % Corretto
Canada
99%
Giappone
98%
Svizzera
97%
Austria
96%
Polonia
96%
Turchia
96%
Danimarca
93%
Georgia
93%
Qatar
92%
Lettonia
89%
Monaco
89%
Tunisia
88%
Indonesia
87%
Perù
87%
Singapore
82%
Bahrain
70%
Tonga
58%
Nessun quiz corrispondente trovato
Distribuzione punteggi
Percentuale di utenti per punteggio
Percentile per numero di risposta
I tuoi punteggi nel tempo
Non hai fatto questo quiz